000 00713nam a22001337a 4500
040 _cRUA
082 _aVEM THO 2021 B1-530 Or.
100 _aTHORN SINUON,ថន ស៊ីនួន
245 _aGASTRO-INTESTINAL PARASITES OF DOMESTIC CHICKEN IN PREAHBAT CHONCHUM COMMUNE, KIRIVONG DISTRICT,TAKEO PROVINCE,បរាសិតក្នុងប្រដាប់រំលាយអាហារមាន់នៅឃុំព្រះបាទជាន់ជុំ ស្រុកគីរីវង់ ខេត្តតាកែវ
260 _aphnom penh
_brua
_c2021
300 _aix.33p.
_bill.
_c29cm.
856 _uhttps://drive.google.com/file/d/1BSIIoqkX4o1laLp_MNPbueM8XYxi6gDZ/view?usp=sharing
942 _cVEM
999 _c22904
_d22904